Statistics for Football Clubs in Rio de Janeiro

Click here to take the quiz!

General Stats

  • This quiz has been taken 25 times
  • The average score is 4 of 6

Answer Stats

Last Biggest League Title Team % Correct
2009 Serie AFlamengo
100%
2012 Serie AFluminense
95%
2000 Serie AVasco da Gama
95%
1995 Serie ABotafogo
90%
-Madureira
43%
-Portuguesa-RJ
19%

Score Distribution

Percentile by Number Answered

Percent of People with Each Score

Your Score History

You have not taken this quiz